Law of the Republic of Indonesia number 21 year 2007 on the Organizing Body Of General Elections (Record no. 608)

MARC details
000 -LEADER
fixed length control field 01243cam a22003254a 4500
001 - CONTROL NUMBER
control field 15987576
003 - CONTROL NUMBER IDENTIFIER
control field OSt
005 - DATE AND TIME OF LATEST TRANSACTION
control field 20230606112745.0
008 - FIXED-LENGTH DATA ELEMENTS--GENERAL INFORMATION
fixed length control field 091117s2007 io f000 0 eng
010 ## - LIBRARY OF CONGRESS CONTROL NUMBER
LC control number 2009329892
040 ## - CATALOGING SOURCE
Original cataloging agency DLC
Transcribing agency DLC
Modifying agency DLC
041 0# - LANGUAGE CODE
Language code of text/sound track or separate title eng
-- ind
042 ## - AUTHENTICATION CODE
Authentication code lcode
043 ## - GEOGRAPHIC AREA CODE
Geographic area code a-io---
050 00 - LIBRARY OF CONGRESS CALL NUMBER
Classification number KNW4224.A312007
Item number A4 2007
082 ## - DEWEY DECIMAL CLASSIFICATION NUMBER
Edition number 22,2007
Classification number 342.598
Item number KOM
110 1# - MAIN ENTRY--CORPORATE NAME
Corporate name or jurisdiction name as entry element Indonesia.
240 10 - UNIFORM TITLE
Uniform title Undang-Undang Tentang Pemberantasan Tindak Pidana Perdagangan Orang.
Language of a work English & Indonesian.
245 10 - TITLE STATEMENT
Title Law of the Republic of Indonesia number 21 year 2007 on the Organizing Body Of General Elections
260 ## - PUBLICATION, DISTRIBUTION, ETC. (IMPRINT)
Place of publication, distribution, etc. [Jakarta] :
Name of publisher, distributor, etc. Ministry of Law and Human Rights Republic of Indonesia
Date of publication, distribution, etc. 2007.
300 ## - PHYSICAL DESCRIPTION
Extent 114 p. ;
Dimensions 21 cm.
500 ## - GENERAL NOTE
General note English and Indonesian versions bound together back-to-back and inverted.
546 ## - LANGUAGE NOTE
Language note English and Indonesian.
650 #0 - SUBJECT ADDED ENTRY--TOPICAL TERM
Topical term or geographic name as entry element Human trafficking
Geographic subdivision Indonesia.
710 1# - ADDED ENTRY--CORPORATE NAME
Corporate name or jurisdiction name as entry element Indonesia.
Subordinate unit Kantor Menteri Negara Pemberdayaan Perempuan.
710 1# - ADDED ENTRY--CORPORATE NAME
Corporate name or jurisdiction name as entry element Indonesia.
Subordinate unit Departemen Hukum dan Hak Asasi Manusia.
906 ## - LOCAL DATA ELEMENT F, LDF (RLIN)
a 7
b cbc
c origode
d 2
e ncip
f 20
g y-gencatlg
942 ## - ADDED ENTRY ELEMENTS (KOHA)
Source of classification or shelving scheme Dewey Decimal Classification
Koha item type Books
Holdings
Withdrawn status Lost status Source of classification or shelving scheme Damaged status Not for loan Home library Current library Date acquired Total Checkouts Full call number Barcode Date last seen Price effective from Koha item type
    Dewey Decimal Classification     Bunge Tower Library Bunge Tower Library 06/06/2023   342.598 KOM 10015334 06/06/2023 06/06/2023 Books
LIBRARY OPENING HOURS

When the Parliament is sitting: 8.00a.m - 7.00p.m or until the house adjourns
Mondays and Fridays and when the House is on Recess:  8.00a.m - 5.00p.m
Closed on Weekends and Public Holidays

Online Public Access Catalog (OPAC)
Website: http://www.parliament.go.ke
Bunge Library: https://libraryir.parliament.go.ke
Contact: library@parliament.go.ke | Tel no: (254-2)2221291 or 2848000 Ext 5043